000 00972cam a2200253 i 4500
003 SA-RiAUC
005 20241013144825.0
008 241006s1979 sy g 00010 ara c
040 _aSA-RiAUC
_bara
_cSA-RiAUC
_erda
082 0 4 _a213
_qSA-RiAUC
090 _a213
_bخ ي ا
100 1 _aخياط، عبد الله عبد الغني،
_d1326-1415 هجري
_eمؤلف.
245 1 2 _aالخطب في المسجد الحرام في الدين والاجتماع /
_cعبد الله عبد الغني خياط.
264 1 _aدمشق :
_bمكتبة الغزالي،
_c1979
300 _a6 مجلد ؛
_c24 سم
336 _aنص
_btxt
_2rdacontent
_3كتاب
337 _aبدون وسيط
_bn
_2rdamedia
338 _aمجلد
_bnc
_2rdacarrier
610 2 7 _aالمسجد الحرام
_2aucnm
650 7 _aالدعوة الإسلامية
_2aucsh
650 7 _aالوعظ والإرشاد
_2aucsh
942 _2ddc
_cBOOK
_n0
949 _aSA-JeALM
_d241006
_umohamedma123
_n1
999 _c1091
_d1091